Loading...
Literature - European Literature | 1 | 2 | 0 | 0 | 35 | 65 | 112.67 | 1 | 3 |
Literature - World Literature | 0 | 2 | 0 | 0 | 20 | 101 | 102.00 | 1 | 2 |
Literature - British Literature | 0 | 2 | 0 | 0 | 20 | 116 | 129.50 | 0 | 2 |
Science - Biology | 0 | 2 | 0 | 0 | 20 | 62 | 92.00 | 1 | 2 |
Social Science | 0 | 1 | 0 | 1 | 10 | 122 | 122.00 | 1 | 1 |
History - American History | 0 | 1 | 0 | 0 | 10 | 93 | 93.00 | 0 | 1 |
Literature - American Literature | 0 | 1 | 0 | 0 | 10 | 111 | 111.00 | 0 | 1 |
Philosophy | 0 | 1 | 0 | 0 | 10 | 116 | 116.00 | 0 | 1 |
Pop Culture | 0 | 1 | 0 | 0 | 10 | 115 | 115.00 | 0 | 1 |
Fine Arts - Auditory Fine Arts | 0 | 1 | 0 | 0 | 10 | 100 | 100.00 | 1 | 1 |
Fine Arts - Other Fine Arts | 0 | 1 | 1 | 0 | 5 | 118 | 118.00 | 0 | 1 |
Science - Chemistry | 0 | 1 | 1 | 0 | 5 | 142 | 142.00 | 0 | 1 |
Fine Arts - Visual Fine Arts | 0 | 1 | 1 | 0 | 5 | 93 | 93.00 | 1 | 1 |
Mythology | 0 | 1 | 1 | 0 | 5 | 69 | 69.00 | 1 | 1 |
History - World History | 0 | 0 | 1 | 0 | -5 | 0.00 | 0 | 0 |